| 000 | 00763nam a22002177a 4500 | ||
|---|---|---|---|
| 999 |
_c14453 _d14453 |
||
| 003 | AR-CdUCM | ||
| 008 | 190423b ||||| |||| 00| 0 spa d | ||
| 020 | _a978-970-718-865-5 | ||
| 040 |
_aMUNICIPALIDAD PROVINCIAL DEL CUSCO _cBIBLIOTECA MUNICIPAL DEL CUSCO |
||
| 082 |
_aPI / 808.06 / _bV77 |
||
| 110 |
_aDisney enterprises, Inc. _933240 |
||
| 245 |
_aY vieron felices para siempre : _bCuentos de amor y amistad / |
||
| 260 |
_aMéxico : _bDisney enterprises, Inc, _c2013. |
||
| 300 |
_c24 cm. _a302 páginas ; |
||
| 440 |
_aUn tesoro de cuentos. _933241 |
||
| 500 | _aSilverDolphin y Disney princesa. | ||
| 505 | _aContenido :Y vivieron felices para siempre ... | ||
| 650 |
_aCuentos infantiles _93927 |
||
| 942 |
_2ddc _cLIBROS |
||
| 945 |
_arum _d2019-04-23 |
||